Città più popolose degli Stati Uniti - Statistics

Statistiche generali
  • Questo quiz è stato fatto 1.062 volte
  • Il punteggio medio è 22 su 50
Statistiche sulle risposte
Popolazione Città % Corretto
8'336'697 New York
100%
3'857'799 Los Angeles
97%
2'714'856 Chicago
91%
413'892 Miami
91%
825'863 San Francisco
88%
632'623 Washington
86%
636'535 Boston
83%
596'424 Las Vegas
81%
634'535 Seattle
72%
1'241'162 Dallas
71%
1'338'348 San Diego
71%
2'160'821 Houston
70%
634'265 Denver
64%
701'475 Detroit
62%
443'775 Atlanta
61%
1'660'272 Phoenix
60%
842'592 Austin
58%
1'547'607 Filadelfia
53%
475'516 Sacramento
53%
834'852 Indianapolis
50%
1'382'951 San Antonio
49%
603'106 Portland
46%
392'880 Minneapolis
44%
599'199 Oklahoma city
43%
464'310 Kansas city
42%
775'202 Charlotte
38%
621'342 Baltimora
36%
665'155 Memphis
36%
624'496 Nashville
36%
836'507 Jacksonville
33%
982'765 San Jose
33%
555'417 Albuquerque
32%
598'916 Millwaukee
32%
809'798 Columbus
29%
672'538 El Paso
28%
524'295 Tucson
21%
777'992 Fort Worth
17%
605'110 Louisville
16%
400'740 Oakland
16%
423'179 Raleigh
16%
421'570 Omaha
13%
393'987 Tulsa
13%
431'834 Colorado Springs
12%
505'882 Fresno
12%
467'892 Long Beach
11%
447'021 Virginia Beach
11%
385'577 Wichita
9%
390'928 Clevaland
8%
452'084 Mesa
8%
375'600 Arlington
5%
Nessun quiz corrispondente trovato
Distribuzione punteggi
Percentuale di utenti per punteggio
Percentile per numero di risposta
I tuoi punteggi nel tempo
Non hai fatto questo quiz